000
00227 a2200097 4500
001
44491
100
_a
Avery
245
_a
Practical Armature Winding
260
_a
London
_b
Perciual Marshall & Co. Ltd
_c
090
_c
28203
_d
28203
942
_a
NUST-CAE
_c
M
_c
20229
999
_c
279564
_d
279564